Statistics for Numbered Answers Quiz #3

Click here to take the quiz!

General Stats

  • This quiz has been taken 24,056 times
  • The average score is 14 of 24

Answer Stats

Clue#Answer% Correct
They built houses of straw,
sticks, and bricks
3Three Little Pigs
91%
What Henry VIII had66 Wives
90%
"Mommy porn" novel5050 Shades of Grey
81%
Regular person's brief
moment in the limelight
1515 Minutes of Fame
79%
What Jay-Z has9999 Problems
74%
Apocalypse harbingers4Four Horsemen
73%
Pop punk band182Blink-182
72%
KFC's secret formula1111 Herbs and Spices
66%
Pure Au2424 Karat
66%
To rule them all and in the
darkness bind them
1One Ring
62%
Pop music radio format40Top 40
59%
Harvey Dent2Two-Face
59%
Sherlock's address221221 B Baker St
58%
Price to betray Jesus3030 Pieces of Silver
58%
Pistol or malt liquor45Colt 45
58%
Stories of Aladdin, et al10011001 Arabian Nights
55%
Point on the Earth's surface
closest to a detonation
0Ground Zero
50%
Answer unclear, ask later8Magic 8-Ball
49%
College weight gain15Freshman 15
46%
Car with famous tailfins57'57 Chevy
42%
What Hercules completed12Twelve Labors
42%
Rugby union competition6Six Nations
34%
Tallest peaks
on each continent
7Seven Summits
29%
Street hustler's card game3Three Card Monte
22%

Score Distribution

Percentile by Number Answered

Percent of People with Each Score

Your Score History

You have not taken this quiz